000 00631nam a2200181Ia 4500
008 100921s9999 xx 000 0 und d
082 _b27960
_a808.068 थ 95
100 _aजाखडे अरूण.
245 _aगावमोहोर.
260 _bअभिनुजा प्रकाशन, पुणे.
_c1995
300 _a59
_bरसिक साहित्य,पुणे
365 _b25
520 _aललित-बालवाङ्रमय.
630 _aगावमोहोर.
650 _aललित-बालवाङ्रमय.
730 _aगावमोहोर.
942 _cBOOK
999 _c777073
_d777070